000
00337nam a2200133Ia 4500
008
240624s9999 xx 000 0 und d
041
_a
eng
082
_a
658.406 PET
100
_a
PETTIGREW ANDREW
245
_a
MANAGING CHANGE FOR COMPETITIVE SUCCESS
260
_c
1993
_a
Oxford
_b
Wiley-Blackwell
300
_a
336 : p.
365
_c
_b
30
999
_c
20908
_d
20908